Welcome to the Holygrace Academy Library

Please use search bar below to get started

FULLMARKS BIOLOGY (Record no. 719)

MARC details
000 -LEADER
fixed length control field 00279nam a22001217a 4500
082 ## - DEWEY DECIMAL CLASSIFICATION NUMBER
Classification number 574
Item number RAT/B
100 ## - MAIN ENTRY--AUTHOR NAME
Personal name Dr.V.S.RATHORE
245 ## - TITLE STATEMENT
Title FULLMARKS BIOLOGY
Remainder of title CLASS XII
260 ## - PUBLICATION, DISTRIBUTION, ETC. (IMPRINT)
Place of publication DELHI
Name of publisher FULLMARKS PVT LTD
300 ## - PHYSICAL DESCRIPTION
Number of Pages 412
650 ## - SUBJECT ADDED ENTRY--TOPICAL TERM
Topical Term BIOLOGY FOR CLASS XII
Geographic subdivision INDIA
942 ## - ADDED ENTRY ELEMENTS (KOHA)
Koha item type Books
Holdings
Withdrawn status Lost status Collection code Home library Current library Shelving location Date acquired Source of acquisition Cost, normal purchase price Full call number Accession Number Koha item type
    Reference Main Library Main Library SHELF-9 E XII BIOLOGY 16/07/2014 purchase 300.00 574 RAT/B 08888 Books
    Reference Main Library Main Library SHELF-9 E XII BIOLOGY 17/06/2011 purchase 395.00 574 RAT/B 05939 Books